[Event "PRO League Group Stage"]
[Site "chess.com INT"]
[Date "2018.02.03"]
[Round "4"]
[White "Mitkov, Nikola"]
[Black "Clarke, Brandon G I"]
[Result "0-1"]
[WhiteTitle "GM"]
[BlackTitle "FM"]
[WhiteElo "2461"]
[BlackElo "2360"]
[WhiteTeam "Minnesota Blizzard"]
[BlackTeam "Australia Kangaroos"]
[WhiteFideId "15000290"]
[BlackFideId "400319"]
[EventDate "2018.01.18"]

1. e4 c5 2. Nc3 Nc6 3. Bb5 Nd4 4. Nf3 g6 5. Ba4 Bg7 6. O-O a6 7. Nxd4 cxd4 8.
Ne2 e6 9. d3 Ne7 10. f3 O-O 11. Qe1 d5 12. Bb3 e5 13. Qh4 Be6 14. Bg5 f6 15. Bd2
Qd7 16. Bb4 Rf7 17. Ng3 Rc8 18. Rf2 g5 19. Qh5 Ng6 20. exd5 Bxd5 21. Bxd5 Qxd5
22. Nf5 Rfc7 23. Nd6 Rd8 24. Nf5 a5 25. Bd2 Rxc2 26. h4 Qd7 27. Nxg7 Qxg7 28.
hxg5 f5 29. Bxa5 Rxf2 30. Kxf2 Nf4 31. Qh6 Qxh6 32. gxh6 Nxd3+ 33. Kf1 Rc8 34.
b4 Rc2 35. b5 Kf7 36. a4 Nf4 37. g3 Nd5 38. Be1 Ne3+ 39. Kg1 Rg2+ 40. Kh1 Rb2
41. Kg1 d3 42. Bf2 Nc4 43. Rd1 e4 44. fxe4 fxe4 45. Bd4 Ra2 46. Kf1 Nd2+ 47. Kg2
Nf3+ 48. Bf2 Ne5 49. Kf1 Ng4 50. Bg1 Ke6 51. Ke1 Kd5 52. Rd2 Rxa4 53. b6 Ra1+
54. Rd1 Rxd1+ 55. Kxd1 e3 56. Ke1 Ke4 57. Kd1 Kf3 58. Ke1 Kxg3 59. Bxe3 Nxe3 60.
Kd2 Nc4+ 61. Kxd3 Nxb6 62. Ke4 Kg4 63. Ke5 Kg5 64. Kd6 Na4 0-1

[Event "PRO League Group Stage"]
[Site "chess.com INT"]
[Date "2018.02.03"]
[Round "4"]
[White "Khachiyan, Melikset"]
[Black "Bartholomew, John"]
[Result "0-1"]
[WhiteTitle "GM"]
[BlackTitle "IM"]
[WhiteElo "2522"]
[BlackElo "2459"]
[WhiteTeam "Las Vegas Desert Rats"]
[BlackTeam "Minnesota Blizzard"]
[WhiteFideId "13300512"]
[BlackFideId "2019353"]
[EventDate "2018.01.18"]

1. c4 c6 2. Nf3 d5 3. e3 Nf6 4. Nc3 g6 5. d4 Bg7 6. Be2 O-O 7. O-O b6 8. Ne5 Bb7
9. cxd5 cxd5 10. Bd2 Nfd7 11. f4 f6 12. Nxd7 Qxd7 13. Qb3 e6 14. Rac1 Nc6 15.
Bb5 Rfc8 16. Na4 Qd8 17. Rc2 Ne7 18. Rfc1 Rxc2 19. Rxc2 Rc8 20. Bd3 Rxc2 21.
Qxc2 e5 22. Nc3 exd4 23. exd4 f5 24. Ne2 Nc6 25. Qa4 Qe7 26. Kf1 h5 27. Bb5 Qe6
28. Bc3 a5 29. a3 Kh7 30. Qc2 Na7 31. Bd3 Nc8 32. Qb3 Qe3 33. Bxa5 Ba6 34. Bc4
Qxb3 35. Bxb3 bxa5 36. Bxd5 Bxd4 37. b4 axb4 38. axb4 Nd6 39. Ke1 Bxe2 40. Kxe2
Bc3 0-1

[Event "PRO League Group Stage"]
[Site "chess.com INT"]
[Date "2018.02.03"]
[Round "4"]
[White "Vazquez, Guillermo"]
[Black "Panjwani, Raja"]
[Result "1-0"]
[WhiteTitle "IM"]
[BlackTitle "IM"]
[WhiteElo "2436"]
[BlackElo "2444"]
[WhiteTeam "Rio Grande Ospreys"]
[BlackTeam "Montreal Chessbrahs"]
[WhiteFideId "3702308"]
[BlackFideId "2604493"]
[EventDate "2018.01.18"]

1. d4 Nf6 2. c4 g6 3. Nf3 Bg7 4. g3 O-O 5. Bg2 d6 6. O-O c6 7. Nc3 a6 8. e4 Bg4
9. h3 Bxf3 10. Bxf3 Nfd7 11. Be3 c5 12. d5 b5 13. Be2 b4 14. Na4 Nb6 15. Nxb6
Qxb6 16. Rb1 a5 17. h4 h6 18. Qd2 Kh7 19. f4 Nd7 20. h5 Bd4 21. hxg6+ fxg6 22.
Kg2 Nf6 23. Bf3 b3 24. a3 Bxe3 25. Qxe3 Rae8 26. e5 Ng8 27. Bg4 h5 28. Be6 Nh6
29. f5 gxf5 30. Rh1 f4 31. Qe4+ Kg7 32. Rxh5 f3+ 33. Kf2 dxe5 34. Rxh6 1-0

[Event "PRO League Group Stage"]
[Site "chess.com INT"]
[Date "2018.02.03"]
[Round "4"]
[White "Khachiyan, Melikset"]
[Black "Della Morte, German"]
[Result "1-0"]
[WhiteTitle "GM"]
[BlackTitle "IM"]
[WhiteElo "2522"]
[BlackElo "2353"]
[WhiteTeam "Las Vegas Desert Rats"]
[BlackTeam "Buenos Aires Krakens"]
[WhiteFideId "13300512"]
[BlackFideId "113522"]
[EventDate "2018.01.18"]

1. e4 e5 2. Bc4 Nf6 3. d3 c6 4. Ne2 d5 5. exd5 cxd5 6. Bb3 Bb4+ 7. c3 Bd6 8. O-O
O-O 9. Bg5 Be6 10. f4 Qb6+ 11. d4 Ne4 12. Bh4 exf4 13. Nxf4 Bxf4 14. Rxf4 g5 15.
Rxe4 dxe4 16. Bxg5 Bxb3 17. axb3 Qg6 18. Bf4 Nd7 19. Nd2 Nf6 20. Ra5 h6 21. Nc4
Kh7 22. Ne3 Rg8 23. g3 a6 24. Rf5 Rad8 25. b4 Rd7 26. b5 axb5 27. Rxb5 Ra8 28.
Kg2 Rad8 29. h4 Qg8 30. Rf5 Nd5 31. Nxd5 Rxd5 32. Qh5 1-0

[Event "PRO League Group Stage"]
[Site "chess.com INT"]
[Date "2018.02.03"]
[Round "4"]
[White "Khachiyan, Melikset"]
[Black "Molner, Mackenzie"]
[Result "1-0"]
[WhiteTitle "GM"]
[BlackTitle "GM"]
[WhiteElo "2522"]
[BlackElo "2465"]
[WhiteTeam "Las Vegas Desert Rats"]
[BlackTeam "Montclair Sopranos"]
[WhiteFideId "13300512"]
[BlackFideId "2021722"]
[EventDate "2018.01.18"]

1. e4 c5 2. Nf3 d6 3. d4 cxd4 4. Nxd4 Nf6 5. Nc3 a6 6. a4 Nc6 7. Be2 e5 8. Nb3
Be7 9. O-O O-O 10. Kh1 Nb4 11. f4 Bd7 12. Bf3 Bc6 13. a5 Rc8 14. Be3 Re8 15. Rf2
Bf8 16. fxe5 dxe5 17. Rd2 Qe7 18. Nd5 Bxd5 19. exd5 e4 20. d6 Qe5 21. Be2 Nbd5
22. Bd4 Qxd6 23. Bxf6 Qxf6 24. Rxd5 Qxb2 25. c4 g6 26. Rb1 Qc3 27. Qd4 Qc2 28.
Qb2 Qxb2 29. Rxb2 Bg7 30. Rbd2 Bc3 31. Rc2 Be5 32. g3 f5 33. c5 Rc7 34. c6 bxc6
35. Rdc5 Rb8 36. Nd2 Bd4 37. Rxc6 Rxc6 38. Rxc6 Rb2 39. Nb3 Be3 40. Bxa6 1-0

[Event "PRO League Group Stage"]
[Site "chess.com INT"]
[Date "2018.02.03"]
[Round "4"]
[White "Khachiyan, Melikset"]
[Black "Ramirez, Alejandro"]
[Result "0-1"]
[WhiteTitle "GM"]
[BlackTitle "GM"]
[WhiteElo "2522"]
[BlackElo "2568"]
[WhiteTeam "Las Vegas Desert Rats"]
[BlackTeam "Saint Louis Arch Bishops"]
[WhiteFideId "13300512"]
[BlackFideId "6500617"]
[EventDate "2018.01.18"]

1. e4 c5 2. Nf3 e6 3. d4 cxd4 4. Nxd4 Nc6 5. Nc3 Qc7 6. Nxc6 bxc6 7. Bd3 Nf6 8.
O-O e5 9. Kh1 Be7 10. f4 d6 11. Qf3 Rb8 12. fxe5 dxe5 13. b3 O-O 14. Bg5 Be6 15.
Nd1 Rfd8 16. Ne3 Ne8 17. Bxe7 Qxe7 18. Qg3 f6 19. h4 Rd4 20. Rf2 Rbd8 21. Raf1
Qf7 22. Nf5 Bxf5 23. Rxf5 Qg6 24. Qxe5 h6 25. Bc4+ Kh7 26. h5 Qg4 27. R5f4 fxe5
28. Rxg4 Nf6 29. Rh4 Nxe4 30. Bd3 Rxd3 31. Rxe4 Rd2 32. Rxe5 Rxc2 33. Rf4 Rxa2
34. Rg4 Rd5 35. Rxd5 cxd5 36. Rd4 Ra5 37. b4 Rb5 38. Kh2 g5 39. hxg6+ Kxg6 40.
Kg3 Kf5 41. Kf3 Ke5 42. Rh4 Rb6 43. Ke3 Rg6 44. Rh5+ Kd6 45. g4 Kc6 46. Kf4 Kb5
47. Rxd5+ Kxb4 48. Rd8 Rb6 49. Ke3 a5 50. Kd2 a4 51. Kc2 Ka3 52. Ra8 Rc6+ 53.
Kb1 Rg6 54. Rh8 Rb6+ 55. Kc2 Ka2 56. Ra8 a3 57. Ra4 Rc6+ 58. Kd3 Kb3 0-1

[Event "PRO League Group Stage"]
[Site "chess.com INT"]
[Date "2018.02.03"]
[Round "4"]
[White "Ynojosa Aponte, Felix Jose"]
[Black "Wang, Annie"]
[Result "0-1"]
[WhiteTitle "IM"]
[BlackTitle "FM"]
[WhiteElo "2387"]
[BlackElo "2330"]
[WhiteTeam "Rio Grande Ospreys"]
[BlackTeam "Saint Louis Arch Bishops"]
[WhiteFideId "3900258"]
[BlackFideId "2053900"]
[EventDate "2018.01.18"]

1. c4 e6 2. Nc3 d5 3. d4 Be7 4. Nf3 Nf6 5. Bg5 h6 6. Bh4 O-O 7. e3 b6 8. cxd5
Nxd5 9. Bxe7 Qxe7 10. Nxd5 exd5 11. Bd3 Bb7 12. O-O Nd7 13. Rc1 c5 14. dxc5 bxc5
15. Bb5 Nf6 16. Qa4 Rfc8 17. Ba6 Bxa6 18. Qxa6 Rab8 19. b3 Ne4 20. Rc2 Rd8 21.
Rd1 Rb6 22. Qa5 Rbd6 23. Rxc5 Nxc5 24. Qxc5 R6d7 25. Qa5 Rc7 26. Nd4 Rc5 27. Qa6
Rdc8 28. Qf1 Rc3 29. h3 Qc5 30. Nf5 Kh8 31. g4 Qa3 32. Qe2 Rc2 33. Qf3 Rxa2 34.
Qxd5 Qb2 35. Qf3 Rc1 36. Rxc1 Qxc1+ 37. Kg2 Ra1 38. Kg3 Qg1+ 39. Qg2 Qxg2+ 40.
Kxg2 Rb1 41. Nd4 Kg8 42. h4 Kf8 43. Kf3 Rb2 44. Kg3 Ke7 45. f3 a6 46. Kf4 g6 47.
Kg3 Kd6 48. h5 Kd5 49. g5 hxg5 50. h6 Rb1 51. Kg2 Rc1 52. Ne2 Rc8 53. Ng3 Rh8
54. Ne4 Rxh6 55. Nxg5 f6 56. Ne4 f5 57. Nf2 Rh8 58. Kg3 Rb8 59. e4+ fxe4 60.
Nxe4 Rxb3 61. Kf4 Rb4 62. Ke3 Rxe4+ 63. fxe4+ Ke5 64. Kf3 a5 65. Ke3 a4 66. Kd3
a3 0-1

[Event "PRO League Group Stage"]
[Site "chess.com INT"]
[Date "2018.02.03"]
[Round "4"]
[White "Holt, Conrad"]
[Black "Boros, Denes"]
[Result "1-0"]
[WhiteTitle "GM"]
[BlackTitle "GM"]
[WhiteElo "2578"]
[BlackElo "2457"]
[WhiteTeam "Dallas Destiny"]
[BlackTeam "Webster Windmills"]
[WhiteFideId "2034387"]
[BlackFideId "722340"]
[EventDate "2018.01.18"]

1. d4 Nf6 2. c4 b6 3. Nc3 Bb7 4. Qc2 d5 5. cxd5 Nxd5 6. Nf3 g6 7. e4 Nxc3 8.
bxc3 Bg7 9. Bb5+ Nd7 10. O-O O-O 11. Rd1 a6 12. Be2 e6 13. Ba3 Re8 14. h4 c5 15.
dxc5 bxc5 16. Bxc5 Bxe4 17. Qc1 Rc8 18. Bd4 Bxf3 19. Bxf3 Qc7 20. Be2 Bxd4 21.
Rxd4 Nc5 22. h5 Qe5 23. Qd2 Ne4 24. Qe3 f5 25. Rc1 Qg7 26. Bxa6 Rc7 27. Bb5 Rec8
28. Rcd1 Qf6 29. c4 gxh5 30. a4 Kh8 31. Qd3 Rg8 32. Rd8 Rg7 33. Rxg8+ Rxg8 34.
Bc6 Nc3 35. Re1 h4 36. Qe3 Rc8 37. Bb7 Rxc4 38. a5 Ne4 39. a6 Qg7 40. Rd1 h5 41.
a7 Qxb7 42. Qh6+ Kg8 43. Rd8+ Kf7 44. Qh7+ Kf6 45. Qxb7 Rc1+ 46. Kh2 Nxf2 47.
Qb2+ 1-0

[Event "PRO League Group Stage"]
[Site "chess.com INT"]
[Date "2018.02.03"]
[Round "4"]
[White "Yu, Yangyi"]
[Black "Shimanov, Aleksandr"]
[Result "0-1"]
[WhiteTitle "GM"]
[BlackTitle "GM"]
[WhiteElo "2760"]
[BlackElo "2641"]
[WhiteTeam "Chengdu Pandas"]
[BlackTeam "Webster Windmills"]
[WhiteFideId "8603820"]
[BlackFideId "4198603"]
[EventDate "2018.01.18"]

1. d4 Nf6 2. Nf3 d5 3. c4 e6 4. Nc3 c5 5. cxd5 Nxd5 6. e3 cxd4 7. exd4 Nxc3 8.
bxc3 Qc7 9. Bd2 Nd7 10. Ng5 Nf6 11. Qf3 Bd6 12. Bd3 Bd7 13. Rb1 Bc6 14. Bb5 O-O
15. Bxc6 bxc6 16. g3 Rab8 17. O-O c5 18. dxc5 Bxc5 19. Ne4 Nxe4 20. Qxe4 Rxb1
21. Rxb1 Bb6 22. c4 Rc8 23. a4 h6 24. a5 Bxa5 25. Rb7 Qd8 26. Bxa5 Qxa5 27. Qf4
Qf5 28. Qxf5 exf5 29. Rxa7 Rxc4 30. Kg2 f4 31. gxf4 Rxf4 32. Kg3 g5 33. h3 Kg7
34. Ra6 f6 35. Ra8 h5 36. Rb8 Ra4 37. Rc8 Ra3+ 38. Kg2 Kg6 39. Rh8 h4 40. Rb8
Ra5 41. Rf8 Kf5 42. Rb8 Re5 43. Ra8 Kf4 44. Ra3 Re4 45. Rf3+ Ke5 46. Ra3 f5 47.
Kf3 Rf4+ 48. Kg2 Re4 49. Kf3 g4+ 50. hxg4 fxg4+ 51. Kg2 Kf4 52. Ra8 h3+ 53. Kh2
Kf3 54. Rf8+ Rf4 55. Ra8 Kxf2 56. Ra2+ Kf3 57. Ra3+ Ke4 58. Ra4+ Kf5 59. Ra5+
Kf6 60. Kg3 Rf5 61. Ra8 Rh5 62. Ra6+ Ke7 63. Ra1 Rg5 64. Ra7+ Kf6 65. Ra6+ Kg7
66. Ra8 Rg6 67. Rb8 Kh6 68. Ra8 Kh5 69. Ra5+ Rg5 70. Ra8 Rg7 71. Ra5+ Kh6 72.
Ra6+ Rg6 73. Ra8 Kg5 74. Ra5+ Kf6 75. Ra6+ Kf5 76. Ra5+ Ke4 77. Ra4+ Kd5 78.
Ra5+ Kc4 79. Ra4+ Kb3 80. Ra8 Rh6 81. Ra1 Kb2 82. Rh1 Rg6 83. Re1 Kc2 84. Re8
Rh6 85. Re1 Kd2 86. Ra1 h2 87. Kg2 g3 88. Ra2+ Ke3 89. Ra3+ Ke2 90. Ra2+ Ke3 91.
Ra3+ Kd4 92. Ra4+ Kc3 93. Ra1 Rg6 94. Ra3+ Kb4 95. Rf3 Rh6 96. Rf1 Kc4 97. Rh1
Rg6 98. Rd1 Kc3 99. Rc1+ Kd2 100. Ra1 Ke3 101. Ra3+ Ke4 102. Ra4+ Kf5 103. Ra5+
Kg4 104. Ra4+ Kh5 105. Ra8 Rg5 106. Ra7 Kh4 107. Ra4+ Rg4 108. Ra8 Rg7 109. Ra4+
Kh5 110. Ra5+ Kh6 111. Ra6+ Rg6 112. Ra5 Rg5 113. Ra8 Rh5 114. Ra1 Rg5 115. Ra8
Kg7 116. Ra6 Rg6 117. Ra8 Kf6 118. Ra5 Rg5 119. Ra6+ Kf5 120. Ra5+ Kg4 121. Ra4+
Kh5 122. Ra8 Rg6 123. Ra5+ Kg4 124. Ra4+ Kf5 125. Ra5+ Ke4 126. Ra4+ Kd3 127.
Ra3+ Kc2 128. Ra1 Kb2 129. Rh1 Kc2 130. Ra1 Rh6 131. Rh1 Rg6 132. Ra1 Kd2 133.
Ra2+ Ke3 134. Ra3+ Kf4 135. Ra4+ Ke5 136. Ra5+ Kf6 137. Ra6+ Kg7 138. Ra7+ Kh6
139. Ra8 Rg5 140. Rh8+ Kg7 141. Ra8 Rh5 142. Ra1 Kg6 143. Ra6+ Kf7 144. Ra7+ Ke6
145. Ra6+ Kd7 146. Ra1 Kc6 147. Rh1 Rg5 148. Rd1 Rd5 149. Rc1+ Rc5 150. Ra1 Rc3
151. Re1 Kd5 152. Ra1 Ke4 153. Ra4+ Kd3 154. Ra1 Kd2 155. Rh1 Rc1 156. Rxc1 Kxc1
157. Kh1 Kd1 158. Kg2 Ke2 159. Kh1 Ke3 160. Kg2 h1=Q+ 161. Kxh1 Kf3 162. Kg1 g2 0-1

[Event "PRO League Group Stage"]
[Site "chess.com INT"]
[Date "2018.02.03"]
[Round "4"]
[White "Holt, Conrad"]
[Black "Hambleton, Aman"]
[Result "1-0"]
[WhiteTitle "GM"]
[BlackTitle "IM"]
[WhiteElo "2578"]
[BlackElo "2501"]
[WhiteTeam "Dallas Destiny"]
[BlackTeam "Montreal Chessbrahs"]
[WhiteFideId "2034387"]
[BlackFideId "2606577"]
[EventDate "2018.01.18"]

1. d4 Nf6 2. c4 e6 3. Nc3 Bb4 4. Qc2 d5 5. cxd5 Qxd5 6. Nf3 Qf5 7. Qb3 c5 8. a3
Bxc3+ 9. Qxc3 Ne4 10. Qc2 Nc6 11. e3 cxd4 12. Bd3 Qa5+ 13. b4 Nxb4 14. axb4 Qxa1
15. O-O Nd6 16. exd4 Bd7 17. Bf4 Qa4 18. Qxa4 Bxa4 19. Bxd6 Rd8 20. Bf4 Bc6 21.
Ra1 a6 22. Bg5 f6 23. Be3 e5 24. Bc4 Bxf3 25. gxf3 exd4 26. Bf4 Kd7 27. b5 axb5
28. Bxb5+ Ke6 29. Bc4+ Kf5 30. Bc7 Rc8 31. Bd3+ Ke6 32. Re1+ Kf7 33. Bc4+ Kg6
34. Re7 Rhf8 35. Bd3+ Kh6 36. Bf4+ Kh5 37. Bf5 Rce8 38. Rxg7 Rg8 39. Bg4+ Kh4
40. Bg3# 1-0

[Event "PRO League Group Stage"]
[Site "chess.com INT"]
[Date "2018.02.03"]
[Round "4"]
[White "Holt, Conrad"]
[Black "Le, Tuan Minh"]
[Result "1-0"]
[WhiteTitle "GM"]
[BlackTitle "IM"]
[WhiteElo "2578"]
[BlackElo "2485"]
[WhiteTeam "Dallas Destiny"]
[BlackTeam "Pittsburgh Pawngrabbers"]
[WhiteFideId "2034387"]
[BlackFideId "12401153"]
[EventDate "2018.01.18"]

1. d4 Nf6 2. c4 e6 3. Nc3 Bb4 4. Qc2 O-O 5. e4 d6 6. a3 Bxc3+ 7. bxc3 e5 8. Bd3
Nc6 9. Ne2 b6 10. O-O Ba6 11. f4 Na5 12. fxe5 Ne8 13. exd6 Nxd6 14. e5 Ndxc4 15.
Bxh7+ Kh8 16. Be4 c6 17. Rf3 Bc8 18. Bf5 Kg8 19. Bf4 Qe7 20. Ng3 g6 21. Bxc8
Rfxc8 22. Ne4 Qe6 23. Bh6 c5 24. Nf6+ Kh8 25. Rh3 cxd4 26. Rh4 1-0

[Event "PRO League Group Stage"]
[Site "chess.com INT"]
[Date "2018.02.03"]
[Round "4"]
[White "Holt, Conrad"]
[Black "Quesada Perez, Yuniesky"]
[Result "1-0"]
[WhiteTitle "GM"]
[BlackTitle "GM"]
[WhiteElo "2578"]
[BlackElo "2627"]
[WhiteTeam "Dallas Destiny"]
[BlackTeam "Miami Champions"]
[WhiteFideId "2034387"]
[BlackFideId "3504409"]
[EventDate "2018.01.18"]

1. d4 Nf6 2. c4 e6 3. Nc3 Bb4 4. Qc2 O-O 5. e4 d5 6. e5 Ne4 7. Bd3 c5 8. Nf3
cxd4 9. Nxd4 Nd7 10. Bf4 Ndc5 11. O-O Bxc3 12. bxc3 Bd7 13. Be2 Na4 14. cxd5
exd5 15. f3 Nexc3 16. Bd3 h6 17. Qd2 Qh4 18. Rac1 Rac8 19. g4 Rfe8 20. Nf5 Bxf5
21. gxf5 d4 22. f6 Nc5 23. Qg2 g5 24. Bg3 Qh5 25. Bf5 Ne6 26. Qd2 Kh8 27. Rce1
Rcd8 28. Rf2 Nf4 29. Bxf4 gxf4 30. Bg4 Qg5 31. h4 Qg6 32. Rg2 Rg8 33. Qxf4 d3
34. h5 Qg5 35. Qxg5 Rxg5 36. Rd2 b5 37. Kf2 b4 38. Re3 a5 39. Kg3 a4 40. Rexd3
Rxd3 41. Rxd3 Rxe5 42. Rd8+ Kh7 43. Kf4 Rb5 44. Bf5+ Rxf5+ 45. Kxf5 Nxa2 46. Rf8
b3 47. Rxf7+ Kg8 48. Rb7 Kf8 49. Ke6 1-0

[Event "PRO League Group Stage"]
[Site "chess.com INT"]
[Date "2018.02.03"]
[Round "4"]
[White "Yu, Yangyi"]
[Black "Liang, Awonder"]
[Result "1/2-1/2"]
[WhiteTitle "GM"]
[BlackTitle "GM"]
[WhiteElo "2760"]
[BlackElo "2572"]
[WhiteTeam "Chengdu Pandas"]
[BlackTeam "Pittsburgh Pawngrabbers"]
[WhiteFideId "8603820"]
[BlackFideId "2056437"]
[EventDate "2018.01.18"]

1. d4 Nf6 2. c4 e6 3. Nf3 b6 4. g3 Bb7 5. Bg2 Be7 6. O-O O-O 7. b3 d5 8. cxd5
exd5 9. Nc3 Na6 10. Bb2 Re8 11. Rc1 c5 12. e3 Ne4 13. Re1 Bf6 14. Ne5 Nxc3 15.
Bxc3 cxd4 16. exd4 Nc7 17. Bb2 Nb5 18. Bh3 Nd6 19. Nc6 Bxc6 20. Rxc6 Rxe1+ 21.
Qxe1 g6 22. a4 Kg7 23. Qe3 Ne4 24. Qf4 Ng5 25. Bg2 Ne6 26. Qd6 Qxd6 27. Rxd6 Rc8
28. Bxd5 Rc2 29. Bxe6 fxe6 30. Ba3 Rd2 31. Kg2 Rd3 32. Bc1 Rxb3 33. Be3 Rb4 34.
Rd7+ Kg8 35. Rxa7 Bxd4 36. Kf3 Rb3 37. Ke4 Bxe3 38. fxe3 g5 39. Ke5 Rxe3+ 40.
Kf6 Rf3+ 41. Kxg5 Rf5+ 42. Kg4 Ra5 43. Rxa5 bxa5 44. Kf4 Kf7 45. Ke5 h5 46. h3
Ke7 47. g4 hxg4 48. hxg4 Kf7 49. g5 Kg6 50. Kxe6 Kxg5 51. Kd6 Kf6 52. Kc6 Ke7
53. Kb6 Kd8 54. Kxa5 Kc8 55. Ka6 Kb8 56. a5 Ka8 57. Kb6 Kb8 58. a6 Ka8 59. a7 1/2-1/2

[Event "PRO League Group Stage"]
[Site "chess.com INT"]
[Date "2018.02.03"]
[Round "4"]
[White "Clarke, Brandon G I"]
[Black "Thavandiran, Shiyam"]
[Result "0-1"]
[WhiteTitle "FM"]
[BlackTitle "IM"]
[WhiteElo "2360"]
[BlackElo "2399"]
[WhiteTeam "Australia Kangaroos"]
[BlackTeam "Montreal Chessbrahs"]
[WhiteFideId "400319"]
[BlackFideId "2605058"]
[EventDate "2018.01.18"]

1. e4 e6 2. d4 d5 3. Nc3 Nf6 4. e5 Nfd7 5. f4 c5 6. Nf3 Nc6 7. Be3 Be7 8. Qd2
O-O 9. dxc5 Bxc5 10. O-O-O a6 11. Bxc5 Nxc5 12. Qe3 Qa5 13. a3 Bd7 14. f5 exf5
15. Nxd5 Ne4 16. b4 Nxb4 17. Nxb4 Be6 18. Nd2 Nf2 19. Nc4 Nxd1 20. Kxd1 Bxc4 21.
Bxc4 Rac8 22. Bb3 f4 23. Qxf4 Qxa3 24. Ke2 Kh8 25. Nd5 Qb2 26. Re1 b5 27. Kf2
Rfd8 28. Ne3 Qd4 29. Qxd4 Rxd4 30. Kf3 Re8 31. Nf5 Rd7 32. c3 Rc8 33. Re3 g6 34.
Nd6 Rcc7 35. Bd5 Re7 36. Ke4 Kg7 37. Kd4 h5 38. Rf3 Rcd7 39. h3 a5 40. Nxb5 a4
41. Nd6 a3 42. Rf2 Ra7 43. Ra2 Ra4+ 44. c4 Kf8 45. Ne4 Rea7 46. Nc5 Rb4 47. Kc3
Rb1 48. Be4 Rc1+ 49. Kd2 Rf1 50. Kc3 Re1 51. Kd4 Ra5 52. Nb3 Rd1+ 53. Bd3 Ra7
54. c5 Rd7+ 55. Kc4 R7xd3 56. Rxa3 Rd8 57. Kb5 Rb8+ 58. Kc4 Re1 59. Kd5 Re3 60.
Kc4 Rxe5 61. Nd4 Re4 62. c6 Rd8 63. Rd3 Ke7 64. Kc5 Re5+ 65. Kb6 Red5 66. Re3+
Kf8 67. Nb5 Rb8+ 68. Ka6 Rbxb5 69. Rc3 Rbc5 70. Rxc5 Rxc5 71. Kb6 Rc1 72. c7 Ke7
73. Kb7 Kd7 0-1

[Event "PRO League Group Stage"]
[Site "chess.com INT"]
[Date "2018.02.03"]
[Round "4"]
[White "Clarke, Brandon G I"]
[Black "Grabinsky, Aaron"]
[Result "1-0"]
[WhiteTitle "FM"]
[WhiteElo "2360"]
[BlackElo "2359"]
[WhiteTeam "Australia Kangaroos"]
[BlackTeam "Webster Windmills"]
[WhiteFideId "400319"]
[BlackFideId "2087090"]
[EventDate "2018.01.18"]

1. e4 e6 2. d4 d5 3. Nc3 Nc6 4. Nf3 Nf6 5. Bd3 Bb4 6. O-O Bxc3 7. exd5 exd5 8.
bxc3 O-O 9. Bg5 Qd6 10. Qc1 Bg4 11. Nh4 Rfe8 12. f3 Bh5 13. Nf5 Qe6 14. Bh6 Ne7
15. Nxg7 Qc6 16. Nxh5 Nxh5 17. Qg5+ Ng6 18. Qxh5 Qxc3 19. Qg4 c5 20. dxc5 Qxc5+
21. Kh1 Kh8 22. Qf5 Qd6 23. Qxf7 Rg8 24. Rae1 1-0

[Event "PRO League Group Stage"]
[Site "chess.com INT"]
[Date "2018.02.03"]
[Round "4"]
[White "Clarke, Brandon G I"]
[Black "Bora, Safal"]
[Result "0-1"]
[WhiteTitle "FM"]
[BlackTitle "IM"]
[WhiteElo "2360"]
[BlackElo "2370"]
[WhiteTeam "Australia Kangaroos"]
[BlackTeam "Pittsburgh Pawngrabbers"]
[WhiteFideId "400319"]
[BlackFideId "2066149"]
[EventDate "2018.01.18"]

1. e4 e6 2. d4 d5 3. Nc3 Nf6 4. e5 Nfd7 5. f4 c5 6. Nf3 Nc6 7. Be3 cxd4 8. Nxd4
Qb6 9. Qd2 Qxb2 10. Rb1 Qa3 11. Bb5 Nxd4 12. Bxd4 a6 13. Bxd7+ Bxd7 14. Rb3 Qe7
15. Rxb7 Rc8 16. O-O Qa3 17. Rfb1 Bc5 18. Ne2 Ba4 19. f5 O-O 20. fxe6 fxe6 21.
Qg5 Rf7 22. Rxf7 Kxf7 23. Rf1+ Kg8 24. Qg4 Re8 25. Bxc5 Qxc5+ 26. Nd4 Bb5 27.
Rf2 Qc3 28. g3 Qe1+ 29. Kg2 Qxe5 30. h4 Bd7 31. Qf3 Qe4 32. Qxe4 dxe4 33. Re2 e5
34. Nb3 Rc8 35. Kf2 Bb5 36. Rxe4 Rxc2+ 37. Ke1 Rxa2 38. Rxe5 Ra3 39. Nd4 Rxg3
40. Nxb5 axb5 41. Rxb5 Rg4 42. h5 h6 43. Kf2 Rg5 44. Rxg5 hxg5 45. Kf3 Kf7 46.
Kg3 Ke6 47. Kg4 Kf6 48. Kg3 Kf5 49. Kf3 g4+ 50. Kf2 Kg5 51. Kg3 Kxh5 52. Kg2 Kg5
53. Kg3 Kf5 54. Kg2 Kf4 55. Kf2 g3+ 56. Kg2 Kg4 57. Kg1 Kf3 58. Kf1 g2+ 59. Kg1
g6 0-1

[Event "PRO League Group Stage"]
[Site "chess.com INT"]
[Date "2018.02.03"]
[Round "4"]
[White "Yu, Yangyi"]
[Black "Iturrizaga Bonelli, Eduardo"]
[Result "1/2-1/2"]
[WhiteTitle "GM"]
[BlackTitle "GM"]
[WhiteElo "2760"]
[BlackElo "2650"]
[WhiteTeam "Chengdu Pandas"]
[BlackTeam "Miami Champions"]
[WhiteFideId "8603820"]
[BlackFideId "3901211"]
[EventDate "2018.01.18"]

1. Nf3 c5 2. c4 g6 3. g3 Bg7 4. Bg2 Nc6 5. O-O Nh6 6. Nc3 Nf5 7. b3 O-O 8. Bb2
b6 9. e3 Bb7 10. Na4 Bxb2 11. Nxb2 d5 12. d4 cxd4 13. Nxd4 Ncxd4 14. exd4 Qd7
15. c5 bxc5 16. dxc5 e5 17. Rc1 Nd4 18. Re1 f6 19. b4 a5 20. Na4 Rad8 21. bxa5
Bc6 22. Nb6 Qf5 23. a6 Rf7 24. Rc3 Ra7 25. Ra3 Qc2 26. Qb1 Qxc5 27. Qb2 Nb5 28.
Nxd5 Bxd5 29. Ra5 Qc3 30. Qxc3 Nxc3 31. Bf1 Ba8 32. Rc5 Ne4 33. Ra5 Nd2 34. Rc1
Nxf1 35. Kxf1 Rd5 36. Rc8+ Kf7 37. Rxa8 Rxa8 38. Rxd5 Rxa6 39. Rd7+ Ke6 40. Rxh7 1/2-1/2

[Event "PRO League Group Stage"]
[Site "chess.com INT"]
[Date "2018.02.03"]
[Round "4"]
[White "Yu, Yangyi"]
[Black "Hansen, Eric"]
[Result "0-1"]
[WhiteTitle "GM"]
[BlackTitle "GM"]
[WhiteElo "2760"]
[BlackElo "2629"]
[WhiteTeam "Chengdu Pandas"]
[BlackTeam "Montreal Chessbrahs"]
[WhiteFideId "8603820"]
[BlackFideId "2606771"]
[EventDate "2018.01.18"]

1. e4 c5 2. Nf3 e6 3. d4 cxd4 4. Nxd4 a6 5. Bd3 Bc5 6. Nb3 Be7 7. Qg4 g6 8. Qe2
d6 9. O-O Nd7 10. a4 b6 11. Na3 Ne5 12. Nc4 Nxc4 13. Bxc4 Qc7 14. Rd1 Bb7 15.
Bd3 h5 16. h3 Nf6 17. Bg5 h4 18. Qf3 Nd7 19. Bxe7 Kxe7 20. Qe3 Rag8 21. Rd2 g5
22. Be2 Nf6 23. f3 d5 24. a5 b5 25. Nc5 Rc8 26. b4 Qe5 27. Rad1 Rc7 28. Nxb7
Rxb7 29. Qc5+ Qd6 30. Qe3 Qe5 31. Qc5+ Qd6 32. Qd4 e5 33. Qb2 Qc7 34. exd5 Qd6
35. Bd3 Re8 36. Bf5 Nh5 37. Re1 Kf8 38. Qc3 Rc7 39. Qe3 Nf4 40. Qb6 Ke7 41. Rdd1
f6 42. Rd2 Rc4 43. Qa7+ Rc7 44. Qb6 Rd8 45. Re4 Rc3 46. Qa7+ Rc7 47. Qb6 Rc3 48.
Bg4 Rc7 49. Bf5 Rc3 50. Bg4 Rc7 51. Qe3 Kf7 52. Rxf4 exf4 53. Qe4 Kf8 54. Qg6
Qe5 55. Qh6+ Ke7 56. Kf1 Kd6 57. Qg6 Re7 58. Kg1 Qe1+ 59. Kh2 Qg3+ 0-1